| 000 | 00828cab a2200253 4500 | ||
|---|---|---|---|
| 001 | ABS37428 | ||
| 008 | 090401t1987 xxu||||| |||| 00| 0 eng d | ||
| 035 | _a(Sirsi) u4377 | ||
| 041 | _aeng | ||
| 100 | _aBond, R. | ||
| 245 | _aSalford Quays buoys hopes for a thriving waterfront | ||
| 260 | _c1987 | ||
| 350 | _a0 | ||
| 490 |
_aSurveyor (PWW) _v168 (4391) 12 February 1987, 12-15 (4) |
||
| 520 | _aIn the light of the recent designation of Trafford Park Development Corporation , this article reports on the reclamation and development of derelict dockland in nearby Salford . | ||
| 650 | _aDERELICT LAND | ||
| 650 | _aDOCKLANDS | ||
| 650 | _aENTERPRISE ZONES | ||
| 650 | _aSALFORD QUAYS | ||
| 650 | _aURBAN DEVELOPMENT CORPORATIONS | ||
| 690 | _aPLANNING LAW AND PRACTICE | ||
| 942 | _n0 | ||
| 948 | _c04/03/1997 | ||
| 999 |
_c2630 _d2630 |
||